Catálogo público

Manual de mecánica diesel (Record no. 83339)

MARC details
000 -CABECERA
campo de control de longitud fija 01188cam a22003257a 4500
003 - IDENTIFICADOR DEL NÚMERO DE CONTROL
campo de control CHAP
005 - FECHA Y HORA DE LA ÚLTIMA TRANSACCIÓN
campo de control 20220329142429.0
008 - DATOS DE LONGITUD FIJA--INFORMACIÓN GENERAL
campo de control de longitud fija 971013s1998 mx a r 00010 spa d
010 ## - NÚMERO DE CONTROL DE LA BIBLIOTECA DEL CONGRESO
Número de control de LC 83339
011 ## - ENLACE DEL NUMERO DE CONTROL DE LA BIBLIOTECA DEL CONGRESO [OBSOLETO]
Número de control de LC 84311
035 ## - NÚMERO DE CONTROL DEL SISTEMA
Número de control de sistema 94831
040 ## - FUENTE DE LA CATALOGACIÓN
Centro/agencia transcriptor CHAP
082 ## - NÚMERO DE LA CLASIFICACIÓN DECIMAL DEWEY
Número de clasificación 621.436
Número de documento/Ítem M3Y 1998
100 00 - ENTRADA PRINCIPAL--NOMBRE DE PERSONA
Nombre de persona Thiessen, Frank J.
9 (RLIN) 112782
245 #0 - MENCIÓN DE TÍTULO
Título Manual de mecánica diesel
Mención de responsabilidad, etc. /por Frank J. Thiessen and Davis N. Dales.
250 ## - MENCIÓN DE EDICIÓN
Mención de edición 3 ed.
260 ## - PUBLICACIÓN, DISTRIBUCIÓN, ETC.
Lugar de publicación, distribución, etc. México, D.F. :
Nombre del editor, distribuidor, etc. Prentice-Hall Hispanoamericana,
Fecha de publicación, distribución, etc. 1998.
300 ## - DESCRIPCIÓN FÍSICA
Extensión 3 v.
Otras características físicas : ilus
500 ## - NOTA GENERAL
Nota general Trad. de Diesel fundamentals : principles and service de la 3ed. de 1998
590 ## - NOTA LOCAL (RLIN)
Nota local BATCH-UPD
Procedencia (VM) [OBSOLETO] 10
Condición del los carretes individuales (VM) [OBSOLETO] 20130110
-- UCH01
-- 1337
590 ## - NOTA LOCAL (RLIN)
Nota local CONVERSION
Procedencia (VM) [OBSOLETO] 10
Condición del los carretes individuales (VM) [OBSOLETO] 20130109
-- UCH01
-- 1346
650 14 - PUNTO DE ACCESO ADICIONAL DE MATERIA--TÉRMINO DE MATERIA
Término de materia o nombre geográfico como elemento de entrada Motores diesel.
9 (RLIN) 79100
700 0# - PUNTO DE ACCESO ADICIONAL--NOMBRE DE PERSONA
Nombre de persona Dales, Davis N.
9 (RLIN) 30940
901 ## - ELEMENTOS DE DATOS A LOCAL LDA (RLIN)
a BK
905 ## - ELEMENTOS DE DATOS E LOCAL, LDE (RLIN)
a Mayto Villalobos S.
942 ## - ELEMENTOS DE PUNTO DE ACCESO ADICIONAL (KOHA)
Tipo de ítem Koha Libro
949 ## - PROCESAMIENTO DE INFORMACIÓN LOCAL (OCLC)
a 621.436 M3Y 1998
b BC
c LIBRO
d 33724000800132
e LIBRO
f v.1
g I.208383
h 99372
i 94831
s i
t $1.300.00
949 ## - PROCESAMIENTO DE INFORMACIÓN LOCAL (OCLC)
a 621.436 M3Y 1998
b BC
c LIBRO
d 33724000800199
e LIBRO
f v.2
g I.208383
h 99373
i 94831
s i
949 ## - PROCESAMIENTO DE INFORMACIÓN LOCAL (OCLC)
a 621.436 M3Y 1998
b BC
c LIBRO
d 33724000800256
e LIBRO
f v.3
g I. 208383
h 99496
i 94831
s i
Holdings
Estado de retiro Estado de pérdida Fuente del sistema de clasificación o colocación Estado dañado Restricciones de uso No para préstamo Código de colección Localización permanente Ubicación/localización actual Ubicación en estantería Fecha de adquisición Fuente de adquisición Información codificada de la localización en otra ubicación Total de préstamos Signatura topográfica completa Código de barras Fecha visto por última vez Número de copia Precio válido a partir de Tipo de ítem Koha Fecha del último préstamo
    Dewey Decimal Classification   Préstamo 15 días   General Biblioteca Central Biblioteca Central Planta principal - Colección General 31/12/2019 I. 208383 LIBRO   621.436 M3Y 1998 33724000800256 31/12/2019 v.3 31/12/2019 Libro  
    Dewey Decimal Classification   Préstamo 15 días   General Biblioteca Central Biblioteca Central Planta principal - Colección General 31/12/2019 I.208383 LIBRO 2 621.436 M3Y 1998 33724000800132 20/02/2026 v.1 31/12/2019 Libro 06/02/2026
    Dewey Decimal Classification   Préstamo 15 días   General Biblioteca Central Biblioteca Central Planta principal - Colección General 31/12/2019 I.208383 LIBRO   621.436 M3Y 1998 33724000800199 31/12/2019 v.2 31/12/2019 Libro